00885 2200337 4500001002100000005001700021008004100038020002200079035002400101040001300125082000800138090001400146100001500160245007800175250001100253260003800264300003400302650000900336700002000345850001200365990001700377990001700394990001700411990001700428990001700445990001700462990001700479990001700496990001700513990001700530YOGYA-1112000000054520121130111133.0 ind  a978-602-8174-47-3 0010-111200000000545 aYOPD DIY a951 a951 Sop M aSOPHIE MOU aMenjelajahi dunia mengenal China: 56 potret etnis di China /cSophgie Mou aCet.1. aYogyakarta ;bGalang press,c2011 a176 hlmbilusc23 cm (10 eks) aCina aNurjannah Intan aYOPDYOG a1261-PK/B.12 a1262-PK/B.12 a1263-PK/B.12 a1270-PK/B.12 a1269-PK/B.12 a1268-PK/B.12 a1267-PK/B.12 a1266-PK/B.12 a1265-PK/B.12 a1264-PK/B.12